000 00806nam a2200181 a 4500
001 1933
003 CO-ViMGA
008 141112s2004 ck r 000 u spa d
040 _aCO-ViMGA
_bspa
_cCO-ViMGA
082 0 4 _a657.4 S656
100 1 _aSolomon, Lanny
_950543
245 1 0 _aPrincipios de la contabilidad /
_cSolomon Lanny , Vargo Richard , Schroeder Richard
260 _aMexico :
_bHarla,
_c1983
300 _a1215 p : il
505 _aLos sistemas de procesamiento de información y el control interno 165 - - Propiedad, planta y equipo : Adquisición y depreciación 374 - - Pasivo a corto plazo y nómina 445 - - Sociedades anóminas : Aspectos adicionales del capital 531 - - Los fundamentos de la contabilidad financiera 656
650 1 4 _aCONTABILIDAD - PRINCIPIOS
_950544
942 _2ddc
_cBK
999 _c14084
_d14084